| 000 | 00746nam a22001817a 4500 | ||
|---|---|---|---|
| 005 | 20231108121108.0 | ||
| 010 | _aHIN-126150 | ||
| 020 |
_a9789395247016 _c300.00 |
||
| 035 | _aHN-98496 | ||
| 037 | _bDBAD/PUB. | ||
| 082 | _a920 | ||
| 100 |
_aजागासिंह,बीरसेन _958325 |
||
| 245 |
_aमेरी प्रेरणाओं के स्रोत/ _cबीरसेन जागासिंह |
||
| 260 |
_aनई दिल्ली _bस्टार पब्लिकेशंस _c2022 |
||
| 270 |
_a4/5-बी, आसफ अली रोड _bनई दिल्ली-110002 |
||
| 300 |
_a190पृ.; _c23सेमी (सजिल्द) |
||
| 942 |
_adpl _cHN _2ddc _h920 _mजागासिं |
||
| 999 |
_c198787 _d198787 |
||